000 00627nam a22001817a 4500
999 _c164927
_d164927
005 20190530122721.0
010 _aB-047054
020 _a8175101415
_c200.00
035 _aB-047054
037 _bReliance Publishing House
082 _a616.979203
245 _aEncyclopaedia of aids and family education/
_cCompiled by Surendra P. Singh and edited by Y.L. Tekhre
260 _aNew Delhi
_bReliance Publishing House
_c2002
300 _a199p.
_c22cm(Hb)
700 _aSingh, Surendra P.
_bTekhre, Y.L.
942 _2ddc
_cEN
_h616.979203
_mENC